|
|
|
|
| LEADER |
00000nam0a2200000 4500 |
| 001 |
358715 |
| 005 |
20231102011124.0 |
| 035 |
|
|
|a (RuTPU)RU\TPU\retro\15986
|
| 035 |
|
|
|a RU\TPU\retro\15977
|
| 090 |
|
|
|a 358715
|
| 100 |
|
|
|a 20200821d1937 km y0rusy50 ca
|
| 101 |
0 |
|
|a rus
|
| 102 |
|
|
|a RU
|
| 105 |
|
|
|a a z 001zy
|
| 200 |
1 |
|
|a Разрушение горных пород при колонковом бурении
|e [сборник]
|f Центральный научно-исследовательский геологоразведочный институт (ЦНИГРИ) ; СССР, Главное геологическое управление ; под ред. И. А. Уткин
|
| 210 |
|
|
|a Ленинград
|a Москва
|c Главная редакция геолого-разведочной и геодезической лит-ры
|d 1937
|
| 215 |
|
|
|a 148 с.
|c ил.
|
| 225 |
1 |
|
|a Труды Центрального научно-исследовательского геолого-разведочного института (ЦНИГРИ)
|v Вып. 95
|
| 320 |
|
|
|a Библиогр. в конце разд.
|
| 320 |
|
|
|a Предметный указатель: с. 141-145
|
| 464 |
|
|
|t Изучение технологического процесса бурения
|f Е. В. Боровский, Ф. А. Шамшев
|
| 464 |
|
|
|t Теория бурения дробью, а также суррогатного и алмазного
|f М. В. Мачинский
|
| 606 |
1 |
|
|a Горные породы
|x Разрушение при бурении
|2 stltpush
|3 (RuTPU)RU\TPU\subj\7968
|9 35473
|
| 610 |
1 |
|
|a колонковое бурение
|
| 610 |
1 |
|
|a технологические процессы
|
| 610 |
1 |
|
|a суррогатное бурение
|
| 610 |
1 |
|
|a алмазное бурение
|
| 610 |
1 |
|
|a теория
|
| 610 |
1 |
|
|a вероятности
|
| 610 |
1 |
|
|a определения
|
| 610 |
1 |
|
|a опыты
|
| 675 |
|
|
|a 622.23.02
|v 4
|
| 702 |
|
1 |
|a Уткин
|b И. А.
|4 340
|
| 712 |
0 |
2 |
|a Центральный научно-исследовательский геологоразведочный институт (ЦНИГРИ)
|c (1931-1939)
|2 stltpush
|3 (RuTPU)RU\TPU\col\18472
|
| 712 |
0 |
1 |
|a СССР
|b Главное геологическое управление
|c (1935-1939)
|2 stltpush
|3 (RuTPU)RU\TPU\col\18485
|9 27047
|
| 801 |
|
1 |
|a RU
|b 63413507
|c 20161122
|
| 801 |
|
2 |
|a RU
|b 63413507
|c 20200821
|g RCR
|
| 942 |
|
|
|c BK
|